La dama duende

Guardat en:
Dades bibliogràfiques
Autor principal: Calderón de la Barca, Pedro (Autor)
Format: Llibre
Idioma:espanyol
Publicat: Santiago Zig-Zag 1957
Col·lecció:Biblioteca Cultura
Matèries:
Etiquetes: Afegir etiqueta
Sense etiquetes, Sigues el primer a etiquetar aquest registre!

MARC

LEADER 00000nam a2200000 a 4500
001 UCQ6176
003 CL-VaPUC
008 981009e19570000CL |||||||||||||||||spa|d
082 0 4 |a 862  |b CAL  |2 21 
100 0 |a Calderón de la Barca, Pedro  |e author  |9 316207 
245 1 3 |a La dama duende 
300 |a 146 p 
942 |c BK 
945 |d 19981009 00:00:00  |a crobeson 
260 |a Santiago  |b Zig-Zag  |c 1957 
650 0 |a Dramas españoles  |9 267081 
650 0 |a Literatura española  |9 306261 
583 |a last modification  |c 19981009 00:00:00  |k Rodrigo Vera 
490 0 |a Biblioteca Cultura 
999 |c 276178  |d 276176 
952 |0 0  |1 0  |4 0  |6 862_000000000000000_CAL_1957  |7 0  |8 A  |9 313315  |a BIBEDU  |b BIBEDU  |d 2019-11-20  |i 1476610  |o 862 CAL 1957  |p 1476610  |r 2019-11-20  |w 2019-11-20  |y BK  |k LIT 
952 |0 0  |1 0  |4 0  |6 862_000000000000000_CAL_1957  |7 0  |8 A  |9 313316  |a BIBEDU  |b BIBEDU  |d 2019-11-20  |i 1476629  |o 862 CAL 1957  |p 1476629  |r 2019-11-20  |w 2019-11-20  |y BK  |k LIT 
952 |0 0  |1 0  |4 0  |6 862_000000000000000_CAL_1957  |7 0  |8 A  |9 313317  |a BIBEDU  |b BIBEDU  |d 2019-11-20  |i 3596982  |o 862 CAL 1957  |p 3596982  |r 2019-11-20  |w 2019-11-20  |y BK  |k LIT